<?xml version="1.0" encoding="UTF-8"?>
<marc:record xmlns:marc="http://www.loc.gov/MARC21/slim">
   <marc:leader>00000nam a2200000 a 4500</marc:leader>
   <marc:datafield ind1=" " ind2=" " tag="653">
      <marc:subfield code="a">Puzzle</marc:subfield>
   </marc:datafield>
   <marc:datafield ind1=" " ind2=" " tag="653">
      <marc:subfield code="a">Rätsel / Spiel</marc:subfield>
   </marc:datafield>
   <marc:datafield ind1="0" ind2="0" tag="245">
      <marc:subfield code="a">Story Puzzle - Das kleine Böse Puzzle</marc:subfield>
   </marc:datafield>
   <marc:datafield ind1="0" ind2="0" tag="245">
      <marc:subfield code="b">interaktiver Gruselspaß</marc:subfield>
   </marc:datafield>
   <marc:datafield ind1=" " ind2="1" tag="264">
      <marc:subfield code="a">Stuttgart</marc:subfield>
      <marc:subfield code="b">Kosmos</marc:subfield>
      <marc:subfield code="c">2021</marc:subfield>
   </marc:datafield>
   <marc:datafield ind1="1" ind2=" " tag="490">
      <marc:subfield code="a">Das kleine böse Buch</marc:subfield>
   </marc:datafield>
   <marc:datafield ind1="1" ind2=" " tag="520">
      <marc:subfield code="a">Story lesen, Wimmelbild puzzeln und in die Welt des kleines Bösen Puzzles eintauchen. &#xD;
Mit toller Kurzgeschichte. &#xD;
Für Kinder ab 8 Jahren. &#xD;
&#xD;
Mithilfe dringend benötigt! Das kleine Böse Puzzle wurde im Labor des großen Zauberers Magnus Myst verflucht! Von wem? Daran kann es sich nicht mehr erinnern! Nur seine letzte Erinnerung liegt in 200 Teilen verstreut vor den Kindern. Diese müssen sie erst einmal zusammenpuzzeln! Und dann? Dann müssen knifflige Rätsel gelöst, gefährliche Geheimnisse aufgedeckt und das kleine Böse Puzzle vom Fluch befreit werden. Dieses interaktive Puzzleabenteuer mit Kurzgeschichte ist nichts für schwache Nerven! Trauen sich die Kinder, dem kleinen Bösen Puzzle zu helfen? Für furchtlose Kinder ab 8 und Fans das perfekte Geburtstagsgeschenk!</marc:subfield>
   </marc:datafield>
   <marc:datafield ind1="3" ind2=" " tag="024">
      <marc:subfield code="a">4002051680794</marc:subfield>
   </marc:datafield>
   <marc:datafield ind1=" " ind2=" " tag="041">
      <marc:subfield code="a">ger</marc:subfield>
   </marc:datafield>
   <marc:datafield ind1="1" ind2=" " tag="521">
      <marc:subfield code="a">8+</marc:subfield>
   </marc:datafield>
   <marc:datafield ind1=" " ind2=" " tag="338">
      <marc:subfield code="a">Gegenstand</marc:subfield>
   </marc:datafield>
   <marc:datafield ind1=" " ind2=" " tag="300">
      <marc:subfield code="a">1 Spielanleitung, 3 Heftchen, 1 Kartonplatte, 200 Puzzleteile</marc:subfield>
   </marc:datafield>
</marc:record>
